00352 a2200133 450000500170000002000220001708200150003910000160005424500330007025000130010326000450011630000390016170000180020020250627034233.0 a978-1-292-35314-2 a658.45 BOV aBOVEE, L. C aBusiness Communication Today a15th Ed. aLondonbPearson Education Limitedc2012. a704p.: ill.; picturesbIndexc27cm aJohn V. Thill